000 00416nam a2200157 4500
020 _a9789352827718
082 _aM301
_bVIJ/O
100 _aVijayan O V
245 _aOru neenda rathriyude ormmakkayiyum arakshithavasthayum/
_cby Vijayan O V
260 _aKottayam:
_bD C Books,
_c2019.
300 _a158p.
650 _aStories Malayalam
650 _aLiterature Malayalam
650 _aLiterature
942 _cBK
999 _c181549
_d181549